Libros registros-cedularios del Río de la Plata, 1534-1717: catálogo

保存先:
書誌詳細
フォーマット: 図書
言語:スペイン語
出版事項: Buenos Aires Instituto de Investigaciones de Historia del Derecho 1984
シリーズ:Edicion de fuentes de derecho indiano en conmomeracion de V centenario del descubrimiento de America, 2-4
主題:
タグ: タグ追加
タグなし, このレコードへの初めてのタグを付けませんか!

MARC

LEADER 00000nam a2200000 a 4500
001 UCV2140
003 CL-VaPUC
008 911111e19840000AG |||||||||||||||||spa|d
082 0 4 |a 016.982  |b LIB  |2 21 
245 1 0 |a Libros registros-cedularios del Río de la Plata, 1534-1717: catálogo 
300 |a v 
942 |c BK 
945 |d 19911111 00:00:00 
260 |a Buenos Aires  |b Instituto de Investigaciones de Historia del Derecho  |c 1984 
650 0 |a Archivo General de Indias   |9 257392 
650 0 |a Catálogos  |9 256258 
650 7 |a HISTORIA 1535-1617  |2 CL-VaPUC  |9 257393 
650 7 |a HISTORIA 1617-1776  |2 CL-VaPUC  |9 257394 
651 0 |a Argentina  |9 254888 
583 |a last modification  |c 19911111 00:00:00  |k Rodrigo Vera 
490 0 |a Edicion de fuentes de derecho indiano en conmomeracion de V centenario del descubrimiento de America, 2-4 
999 |c 209823  |d 209821 
952 |0 0  |1 0  |4 0  |6 016_982000000000000_LIB_1984  |7 0  |8 DER_HDC  |9 185617  |a BIBDER  |b BIBDER  |d 2019-11-14  |h v.1  |i 188820K  |o 016.982 LIB 1984  |p 188820K  |r 2023-01-25  |w 2019-11-14  |x Ubicación 4to Piso  |y BK  |z Estos recursos deben solicitarse con anticipación  |k DER 
952 |0 0  |1 0  |4 0  |6 016_982000000000000_LIB_1984  |7 0  |8 DER_HDC  |9 185618  |a BIBDER  |b BIBDER  |d 2019-11-14  |h v.2  |i 1888250  |o 016.982 LIB 1984  |p 1888250  |r 2023-01-25  |w 2019-11-14  |x Ubicación 4to Piso  |y BK  |z Estos recursos deben solicitarse con anticipación  |k DER 
952 |0 0  |1 0  |4 0  |6 016_982000000000000_LIB_1984  |7 0  |8 DER_HDC  |9 185619  |a BIBDER  |b BIBDER  |d 2019-11-14  |h v.3  |i 2530635  |o 016.982 LIB 1984  |p 2530635  |r 2023-01-25  |w 2019-11-14  |x Ubicación 4to Piso  |y BK  |z Estos recursos deben solicitarse con anticipación  |k DER 
952 |0 0  |1 0  |4 0  |6 016_982000000000000_LIB_1984  |7 0  |8 A  |9 185620  |a BIBDER  |b BIBDER  |d 2019-11-14  |h v.1  |i 3519260  |o 016.982 LIB 1984  |p 3519260  |r 2023-01-25  |w 2019-11-14  |y BK  |k DER 
952 |0 0  |1 0  |4 0  |6 016_982000000000000_LIB_1984  |7 0  |8 A  |9 185621  |a BIBDER  |b BIBDER  |d 2019-11-14  |h v.2  |i 3519279  |o 016.982 LIB 1984  |p 3519279  |r 2023-01-25  |w 2019-11-14  |y BK  |k DER 
952 |0 0  |1 0  |4 0  |6 016_982000000000000_LIB_1984  |7 0  |8 A  |9 185622  |a BIBDER  |b BIBDER  |d 2019-11-14  |h v.3  |i 3519287  |o 016.982 LIB 1984  |p 3519287  |r 2023-01-25  |w 2019-11-14  |y BK  |k DER